東京都通称道路名(地図付き) - Statistics

General Stats
  • This quiz has been taken 452 times
  • The average score is 40 of 171
Answers on the Map
Answers color-coded by a green-red scale on the quiz's map according to % correct below.
 
Answer Stats
% Correct
17 青梅おうめ街道かいどう
83%
15 甲州こうしゅう街道かいどう
79%
3 明治めいじどお
69%
56 環七かんななどお
69%
87 環八かんぱちどお
69%
4 山手やまてどお
61%
5 第一だいいち京浜けいひん
60%
9 第二だいに京浜けいひん
58%
85 新青梅しんおうめ街道かいどう
58%
1 内堀うちぼりどお
56%
2 外堀そとぼりどお
56%
22 中仙道なかせんどう
53%
25 日光にっこう街道かいどう
53%
16 靖国やすくにどお
52%
35 五日市いつかいち街道かいどう
50%
18 目白めじろどお
48%
28 京葉けいよう道路どうろ
48%
62 町田まちだ街道かいどう
47%
27 水戸みと街道かいどう
46%
31 世田谷せたがやどお
46%
11 目黒めぐろどお
45%
12 青山あおやまどお
45%
80 湾岸わんがん道路どうろ
45%
30 晴海はるみどお
44%
67 府中ふちゅう街道かいどう
44%
24 昭和しょうわどお
42%
13 玉川たまがわどお
41%
6 中央ちゅうおうどお
40%
14 新宿しんじゅくどお
39%
20 川越かわごえ街道かいどう
39%
59 奥多摩おくたま街道かいどう
39%
36 早稲田わせだどお
38%
33 井ノ頭いのかしらどお
37%
23 本郷ほんごうどお
36%
29 日比谷ひびやどお
36%
97 東八とうはち道路どうろ
36%
19 春日かすがどお
35%
54 千葉ちば街道かいどう
34%
46 外苑東がいえんひがしどお
33%
10 中原なかはら街道かいどう
32%
21 白山はくさんどお
32%
32 駒沢こまざわどお
32%
69 小金井こがねい街道かいどう
32%
82 外苑西がいえんにしどお
32%
44 海岸かいがんどお
31%
45 三ツ目みつめどお
31%
84 新目白しんめじろどお
31%
113 檜原ひのはら街道かいどう
31%
41 永代えいたいどお
30%
66 鎌倉かまくら街道かいどう
30%
102 立川たちかわどお
30%
138 環二かんにどお
30%
92 三鷹みたかどお
29%
7 浅草あさくさどお
28%
34 中野なかのどお
28%
47 蔵前橋くらまえばしどお
28%
49 四ツ目よつめどお
28%
68 所沢ところざわ街道かいどう
27%
90 笹目ささめどお
27%
42 新大橋しんおおはしどお
26%
121 湾岸わんがんどお
26%
8 桜田さくらだどお
25%
63 川崎かわさき街道かいどう
25%
81 六本木ろっぽんぎどお
25%
37 大久保おおくぼどお
24%
40 清澄きよすみどお
24%
48 清洲橋きよすばしどお
24%
55 産業さんぎょう道路どうろ
24%
60 東京とうきょう環状かんじょう
23%
99 旧甲州きゅうこうしゅう街道かいどう
23%
101 新小金井しんこがねい街道かいどう
23%
38 不忍しのばずどお
22%
39 言問ことといどお
22%
53 北本きたほんどお
22%
70 尾久橋おぐばしどお
22%
79 葛西橋かさいばしどお
22%
91 吉祥寺きちじょうじどお
22%
146 国分寺こくぶんじ街道かいどう
22%
64 野猿やえん街道かいどう
21%
104 新奥多摩しんおくたま街道かいどう
21%
43 多摩堤たまづつみどお
20%
65 鶴川つるかわ街道かいどう
20%
71 尾竹橋おたけばしどお
20%
98 人見ひとみ街道かいどう
20%
137 有明ありあけどお
20%
26 江戸えどどお
19%
114 日原にっぱら街道かいどう
19%
148 新府中しんふちゅう街道かいどう
19%
89 新大宮しんおおみやバイパス
18%
58 滝山たきやま街道かいどう
18%
83 方南ほうなんどお
18%
86 千川せんかわどお
18%
115 大島一周おおしまいっしゅう道路どうろ
18%
161 八王子はちおうじバイパス
17%
78 丸八まるはちどお
17%
88 高島たかしまどお
17%
93 武蔵境むさしさかいどお
17%
106 多摩たまニュータウンどお
17%
111 高尾たかお街道かいどう
17%
75 柴又しばまた街道かいどう
16%
77 船堀ふなぼり街道かいどう
16%
96 連雀れんじゃくどお
16%
126 旧海岸きゅうかいがんどお
16%
128 富士ふじ街道かいどう
16%
94 志木しき街道かいどう
15%
100 狛江こまえどお
15%
125 旧山手きゅうやまてどお
15%
134 国際こくさいどお
15%
150 多摩たまモノレールどお
15%
50 池上いけがみどお
14%
51 自由じゆうどお
14%
72 墨堤ぼくていどお
14%
142 伏見ふしみどお
14%
52 中杉なかすぎどお
13%
57 秋川あきがわ街道かいどう
13%
61 陣馬じんば街道かいどう
13%
139 淡島あわしまどお
13%
151 南多摩尾根幹線みなみたまおねかんせん道路どうろ
13%
165 奥多摩周遊おくたましゅうゆう道路どうろ
13%
149 日野ひのバイパス
12%
73 平和橋へいわばしどお
12%
103 芋窪いもくぼ街道かいどう
12%
124 旧白山きゅうはくさんどお
12%
127 旧早稲田きゅうわせだどお
12%
129 旧青梅きゅうおうめ街道かいどう
12%
154 多摩大橋たまおおはしどお
12%
76 篠崎しのざき街道かいどう
11%
105 北野きたの街道かいどう
11%
144 天文台てんもんだいどお
11%
158 羽村はむら街道かいどう
11%
160 新滝山しんたきやま街道かいどう
11%
74 奥戸おくど街道かいどう
10%
112 吉野よしの街道かいどう
10%
130 鳩ヶ谷はとがや街道かいどう
10%
131 江北橋こうほくばしどお
10%
136 清砂大橋きよすなおおはしどお
10%
143 新武蔵境しんむさしさかいどお
10%
107 岩蔵いわくら街道かいどう
9%
110 成木なりき街道かいどう
9%
135 道灌山どうかんやまどお
9%
140 要町かなめちょうどお
9%
95 多摩湖自転車歩行者道たまこじてんしゃほこうしゃどう
8%
156 瑞穂みずほバイパス
8%
120 三宅一周みやけいっしゅう道路どうろ
8%
166 八丈一周はちじょういっしゅう道路どうろ
8%
132 かわどお
8%
108 睦橋むつみばしどお
7%
141 松原まつばらどお
7%
153 成瀬なるせ街道かいどう
7%
170 利島一周としまいっしゅう道路どうろ
7%
109 小曽木おそぎ街道かいどう
6%
117 新島にいじま本道ほんどう
6%
133 ゆりのきばしどお
6%
145 稲城大橋いなぎおおはしどお
6%
157 西多摩産業にしたまさんぎょう道路どうろ
6%
162 山田やまだどお
6%
169 青ヶ島あおがしま本道ほんどう
6%
147 多喜窪たきくぼどお
5%
152 芝溝しばみぞ街道かいどう
5%
163 美山みやまどお
5%
164 多摩川南岸たまがわなんがん道路どうろ
5%
171 御蔵島みくらじま本道ほんどう
5%
116 三原山登山みはらやまとざん道路どうろ
4%
118 式根しきね本道ほんどう
4%
119 神津こうづ本道ほんどう
4%
123 夜明よあけ道路どうろ
4%
167 八丈中央はちじょうちゅうおう道路どうろ
4%
168 八丈空港はちじょうくうこう道路どうろ
4%
155 平山ひらやまどお
3%
159 永田橋ながたばしどお
3%
122 小港こみなと道路どうろ
2%
No matching quizzes found
Score Distribution
Percent of People with Each Score
Percentile by Number Answered
Your Score History
You have not taken this quiz